00295nam a2200133Ia 4500008004000000041000800040082001100048100001500059245001900074260004100093650000900134650001000143650000800153210210b1935 xxu||||| |||| 00| 0 eng d aeng a829/54 aBARING (M) aDarby and Joan aLondonbWilliam Heinemann Ltd.c1935 aJoan aDarby aand